A First Course in Probability 10/e

Gardado en:
Detalles Bibliográficos
Autor Principal: Ross
Formato: Libro
Publicado: Pearson
Tags: Engadir etiqueta
Sen Etiquetas, Sexa o primeiro en etiquetar este rexistro!

MARC

LEADER 00000nam a2200000Ia 4500
005 20260513122053.0
020 |a 9789356064034 
100 |a Ross 
365 |c Rs. 
365 |b 25.00 
942 |c BK 
245 |a A First Course in Probability 10/e 
260 |b Pearson 
999 |c 100  |d 100 
952 |0 0  |1 0  |4 0  |7 0  |a UNSW  |b UNSW  |d 2026-05-06  |g 1000.00  |i 16684  |l 0  |p 000123  |r 2026-05-13 12:20:53  |v 1000.00  |w 2026-05-13  |y BK